|
|
|
|
| LEADER |
00000cam a22000004a 4500 |
| 001 |
musev2_43389 |
| 003 |
MdBmJHUP |
| 005 |
20230905044538.0 |
| 006 |
m o d |
| 007 |
cr||||||||nn|n |
| 008 |
150422s2015 lau o 00 0 eng d |
| 010 |
|
|
|z 2015008667
|
| 020 |
|
|
|a 9780807161371
|
| 020 |
|
|
|z 9780807161364
|
| 035 |
|
|
|a (OCoLC)930269847
|
| 040 |
|
|
|a MdBmJHUP
|c MdBmJHUP
|
| 100 |
1 |
|
|a Batchelor, John E.
|
| 245 |
1 |
0 |
|a Race and Education in North Carolina :
|b From Segregation to Desegregation /
|c John E. Batchelor.
|
| 264 |
|
1 |
|a Baton Rouge :
|b Louisiana State University Press,
|c [2015]
|
| 264 |
|
3 |
|a Baltimore, Md. :
|b Project MUSE,
|c 2016
|
| 264 |
|
4 |
|c ©[2015]
|
| 300 |
|
|
|a 1 online resource (240 pages).
|
| 336 |
|
|
|a text
|b txt
|2 rdacontent
|
| 337 |
|
|
|a computer
|b c
|2 rdamedia
|
| 338 |
|
|
|a online resource
|b cr
|2 rdacarrier
|
| 490 |
0 |
|
|a Making the modern South
|
| 505 |
0 |
|
|a Education, Race, and Politics -- Segregation: Separate and Unequal, through the 1950s -- North Carolina's Response to Brown: The Pearsall Plan, 1952 to 1956 -- Tokenism: From 1956 to 1960 -- The Impact of the Civil Rights Movement: From1960 to the Mid-1960s -- Early, Limited Desegregation: The Mid- to Late 1960s -- System-wide Desegregation: Late 1960s to Late 1970s.
|
| 588 |
|
|
|a Description based on print version record.
|
| 650 |
|
7 |
|a School integration.
|2 fast
|0 (OCoLC)fst01107474
|
| 650 |
|
7 |
|a African Americans
|x Education.
|2 fast
|0 (OCoLC)fst00799600
|
| 650 |
|
6 |
|a Noirs americains
|x Éducation
|z Caroline du Nord
|x Histoire
|y 20e siecle.
|
| 650 |
|
6 |
|a Desegregation en education
|z Caroline du Nord
|x Histoire
|y 20e siecle.
|
| 650 |
|
0 |
|a African Americans
|x Education
|z North Carolina
|x History
|y 20th century.
|
| 650 |
|
0 |
|a School integration
|z North Carolina
|x History
|y 20th century.
|
| 651 |
|
7 |
|a North Carolina.
|2 fast
|0 (OCoLC)fst01204304
|
| 655 |
|
7 |
|a History.
|2 fast
|0 (OCoLC)fst01411628
|
| 655 |
|
7 |
|a Electronic books.
|2 local
|
| 710 |
2 |
|
|a Project Muse.
|e distributor
|
| 830 |
|
0 |
|a Book collections on Project MUSE.
|
| 856 |
4 |
0 |
|z Texto completo
|u https://projectmuse.uam.elogim.com/book/43389/
|
| 945 |
|
|
|a Project MUSE - Custom Collection
|
| 945 |
|
|
|a Project MUSE - 2016 Complete
|
| 945 |
|
|
|a Project MUSE - 2016 US Regional Studies, South
|
| 945 |
|
|
|a Project MUSE - 2016 American Studies
|